[Event "XI C.to Europeo Seniores"]
[Site "Courmayeur ITA"]
[Date "2011.04.07"]
[Round "2"]
[White "Jeanrenaud, Antonia"]
[Black "Jackson, Oliver A."]
[Result "0-1"]
[WhiteElo "1440"]
[BlackElo "2186"]
[PlyCount "88"]
[EventDate "2011.04.06"]

1. e4 e5 2. d4 exd4 3. Qxd4 Nc6 4. Qe3 Bb4+ 5. Bd2 Qe7 6. Bd3 Bc5 7. Qg5 Nf6 8.
Nc3 d6 9. Be3 Bxe3 10. Qxe3 O-O 11. Nf3 Re8 12. O-O Bg4 13. Nd5 Nxd5 14. exd5
Nb4 15. Qf4 Bxf3 16. Qxf3 Qe5 17. h3 Qxd5 18. Qg3 Nxd3 19. Rad1 Qxa2 20. Rxd3
Qxb2 21. Rc3 Re7 22. Qd3 b6 23. Rb3 Qf6 24. Qd5 Rae8 25. Qc6 a5 26. Re3 Rxe3
27. fxe3 Qe7 28. Re1 h6 29. e4 Kh7 30. Re3 f5 31. e5 dxe5 32. Rg3 f4 33. Qe4+
Kh8 34. Rg6 Qc5+ 35. Kh2 b5 36. Qf5 Qe7 37. Qh5 a4 38. Rxh6+ gxh6 39. Qxh6+ Qh7
40. Qf6+ Qg7 41. Qc6 Rg8 42. g4 fxg3+ 43. Kg2 Qf8 44. Qe4 Qf2+ 0-1

[Event "XI C.to Europeo Seniores"]
[Site "Courmayeur ITA"]
[Date "2011.04.08"]
[Round "3"]
[White "Theting, Helge E."]
[Black "Jeanrenaud, Antonia"]
[Result "1-0"]
[WhiteElo "2016"]
[BlackElo "1440"]
[PlyCount "107"]
[EventDate "2011.04.06"]

1. e4 e5 2. d4 exd4 3. Nf3 d6 4. Bc4 Nf6 5. Ng5 d5 6. exd5 Bc5 7. Qe2+ Qe7 8.
Qxe7+ Bxe7 9. d6 Bxd6 10. Nxf7 Rf8 11. Nxd6+ cxd6 12. O-O d5 13. Bb3 Be6 14.
Re1 Kd7 15. Nd2 Nc6 16. Nf3 Rae8 17. Ba4 Kc7 18. Bf4+ Kc8 19. Bd6 Rf7 20. Bxc6
bxc6 21. Ng5 Rd7 22. Bc5 Bf5 23. Rxe8+ Nxe8 24. Bxd4 Bxc2 25. Rc1 Re7 26. Be3
Ba4 27. b3 h6 28. Nf3 Bb5 29. a4 Be2 30. Nd4 Bd3 31. Nxc6 Rb7 32. Ne5+ Nc7 33.
Nxd3 Rxb3 34. Nc5 Ra3 35. Ne6 Kd7 36. Nxc7 Rxa4 37. Nxd5 Ke6 38. Nf4+ Kf5 39.
Ne2 a5 40. Rc5+ Ke6 41. g3 Ra2 42. Nd4+ Kd7 43. Nf5 g5 44. Nxh6 a4 45. Bxg5 a3
46. Ra5 Kc6 47. Bf6 Kb6 48. Bc3 Ra1+ 49. Bxa1 Kxa5 50. f4 Ka4 51. f5 Kb3 52. f6
Ka2 53. Be5 Kb1 54. f7 1-0

[Event "XI C.to Europeo Seniores"]
[Site "Courmayeur ITA"]
[Date "2011.04.09"]
[Round "4"]
[White "Jeanrenaud, Antonia"]
[Black "Carboni, Giancarlo"]
[Result "0-1"]
[WhiteElo "1440"]
[BlackElo "1827"]
[PlyCount "70"]
[EventDate "2011.04.06"]

1. e4 c5 2. Nf3 d6 3. Bc4 Nf6 4. d3 g6 5. a3 Bg7 6. O-O O-O 7. Nc3 Nc6 8. Rb1
a6 9. Bd2 b5 10. Bd5 Bb7 11. Qc1 e6 12. Bxc6 Bxc6 13. Bh6 Qc7 14. Bxg7 Kxg7 15.
Re1 Nd7 16. h3 h6 17. Nh2 Nf6 18. b3 e5 19. f4 exf4 20. Qxf4 Rae8 21. Ng4 Nxg4
22. Qxg4 f5 23. exf5 Rxe1+ 24. Rxe1 Rxf5 25. Re6 Rg5 26. Qh4 Rxg2+ 27. Kf1 Qf7+
28. Ke1 Qxe6+ 29. Ne4 Bxe4 30. dxe4 Rg5 31. Kd1 Re5 32. Qd8 Qe7 33. Qb6 Rxe4
34. Qxa6 Re1+ 35. Kd2 Qe3# 0-1

[Event "XI C.to Europeo Seniores"]
[Site "Courmayeur ITA"]
[Date "2011.04.10"]
[Round "5"]
[White "Gonzalo Gonzalez, Francisco"]
[Black "Jeanrenaud, Antonia"]
[Result "1-0"]
[WhiteElo "1740"]
[BlackElo "1440"]
[PlyCount "111"]
[EventDate "2011.04.06"]

1. e4 e5 2. Nf3 d6 3. Bc4 Be7 4. Nc3 Nf6 5. d3 O-O 6. Bg5 Nbd7 7. Qd2 c6 8. h4
Nh5 9. g4 Nf4 10. Bxf4 b5 11. Bb3 exf4 12. Qxf4 Nc5 13. Nd4 Nxb3 14. Nxc6 Qd7
15. Nxe7+ Qxe7 16. axb3 a6 17. Nd5 Qe5 18. Qxe5 dxe5 19. f3 Ra7 20. Kd2 Re8 21.
c4 b4 22. Nxb4 Rb7 23. Kc3 Kf8 24. Nxa6 Ra7 25. Nc5 Rc7 26. b4 g6 27. Ra8 f5
28. gxf5 gxf5 29. exf5 Bxf5 30. Rxe8+ Kxe8 31. Re1 Re7 32. Nb7 Bg6 33. Nd6+ Kd7
34. c5 Kc6 35. Kc4 Bh5 36. b5+ Kd7 37. f4 exf4 38. Rxe7+ Kxe7 39. Kd4 Bg6 40.
Ne4 Kd7 41. c6+ Kc7 42. Ng5 Kb6 43. Kc4 h6 44. Nh3 f3 45. d4 Bf5 46. Nf2 h5 47.
d5 Bg4 48. d6 Be6+ 49. Kb4 Bf5 50. d7 Bxd7 51. cxd7 Kc7 52. Kc5 Kxd7 53. b6 Kc8
54. Kc6 Kb8 55. b7 Ka7 56. Kc7 1-0

[Event "XI C.to Europeo Seniores"]
[Site "Courmayeur ITA"]
[Date "2011.04.11"]
[Round "6"]
[White "Jeanrenaud, Antonia"]
[Black "Deiana, Giacomo"]
[Result "1/2-1/2"]
[WhiteElo "1440"]
[BlackElo "1689"]
[PlyCount "79"]
[EventDate "2011.04.06"]

1. e4 c5 2. Nf3 d6 3. d4 cxd4 4. Nxd4 Nf6 5. Bd3 e5 6. Nf3 Be6 7. Bg5 Be7 8.
Nc3 Nbd7 9. Bxf6 Nxf6 10. Bb5+ Bd7 11. Bxd7+ Qxd7 12. O-O O-O 13. Re1 Rfe8 14.
Nd5 Nxd5 15. Qxd5 Rac8 16. Nxe5 Qe6 17. Qxe6 fxe6 18. Nf3 Rxc2 19. Nd4 Rxb2 20.
Rab1 Rxb1 21. Rxb1 Bf6 22. Nb5 d5 23. exd5 exd5 24. g3 Re2 25. Nxa7 Bd4 26.
Rxb7 Rxa2 27. Nc8 Bxf2+ 28. Kf1 Bc5 29. Rb8 Kf7 30. Rb7+ Kf6 31. Rb5 Rc2 32.
Nb6 Ke6 33. h3 d4 34. Na4 Kd6 35. Ke1 Kc6 36. Rb2 Rxb2 37. Nxb2 Kd5 38. Ke2 Ke4
39. Nd3 Be7 40. g4 1/2-1/2

[Event "XI C.to Europeo Seniores"]
[Site "Courmayeur ITA"]
[Date "2011.04.12"]
[Round "7"]
[White "Castiglioni, Nando"]
[Black "Jeanrenaud, Antonia"]
[Result "1-0"]
[WhiteElo "1651"]
[BlackElo "1440"]
[PlyCount "73"]
[EventDate "2011.04.06"]

1. d4 d5 2. c4 c6 3. Nf3 Nf6 4. e3 e6 5. Nc3 Bd6 6. Be2 b6 7. b3 Bb7 8. O-O O-O
9. Bb2 a6 10. Qc2 dxc4 11. bxc4 c5 12. Rad1 Qc7 13. d5 e5 14. e4 Nbd7 15. a4
Nh5 16. g3 g6 17. Bc1 Ndf6 18. Bh6 Ng7 19. Qc1 Ng4 20. Bg5 f5 21. h3 Nf6 22.
Bxf6 Rxf6 23. Qh6 Nh5 24. Ng5 Qg7 25. Qxg7+ Nxg7 26. Rb1 b5 27. axb5 h6 28. Nf3
axb5 29. Rxb5 Rb8 30. Rfb1 Rf7 31. Rb6 Rd7 32. Nh4 fxe4 33. Nxe4 g5 34. Ng2 Kf7
35. Nxd6+ Rxd6 36. Rxd6 Ke7 37. Rdb6 1-0

[Event "XI C.to Europeo Seniores"]
[Site "Courmayeur ITA"]
[Date "2011.04.13"]
[Round "8"]
[White "Cesati Cassin, Giorgio"]
[Black "Jeanrenaud, Antonia"]
[Result "0-1"]
[WhiteElo "1595"]
[BlackElo "1440"]
[PlyCount "120"]
[EventDate "2011.04.06"]

1. e4 e5 2. Nf3 d6 3. d4 exd4 4. Qxd4 Nc6 5. Bb5 Bd7 6. Bxc6 Bxc6 7. O-O Qf6 8.
Re1 Qxd4 9. Nxd4 Be7 10. Nxc6 bxc6 11. Nc3 Bf6 12. Ne2 Ne7 13. c3 O-O 14. Bf4
Be5 15. Rab1 Ng6 16. Bg3 Rfe8 17. f4 Bf6 18. Nd4 Bxd4+ 19. cxd4 Nf8 20. f5 Nd7
21. b4 f6 22. Rbc1 c5 23. dxc5 dxc5 24. Bxc7 cxb4 25. Ba5 Ne5 26. Rc7 h6 27.
Re2 Rec8 28. Rec2 Rxc7 29. Rxc7 a6 30. Bxb4 Nd3 31. a3 Rb8 32. Ra7 a5 33. Rxa5
Nxb4 34. axb4 Rxb4 35. Ra8+ Kf7 36. Ra7+ Kg8 37. Re7 Kf8 38. Re6 Kf7 39. Kf2 g6
40. g4 Rb3 41. Ra6 Rb7 42. h4 g5 43. hxg5 hxg5 44. Ra2 Ke7 45. Re2 Rb5 46. Ke3
Rb4 47. Rd2 Ra4 48. Rb2 Ra3+ 49. Kd4 Rg3 50. Rb7+ Ke8 51. Kd5 Rxg4 52. Rb6 Kf7
53. Rb7+ Ke8 54. Rb4 Rg1 55. Ke6 Rd1 56. Rb8+ Rd8 57. Rxd8+ Kxd8 58. Kxf6 g4
59. Ke6 Ke8 60. f6 g3 0-1

[Event "XI C.to Europeo Seniores"]
[Site "Courmayeur ITA"]
[Date "2011.04.14"]
[Round "9"]
[White "Jeanrenaud, Antonia"]
[Black "Benito Alba, Eladio"]
[Result "1/2-1/2"]
[WhiteElo "1440"]
[BlackElo "1775"]
[PlyCount "117"]
[EventDate "2011.04.06"]

1. e4 c6 2. d4 d5 3. e5 Bf5 4. Bd3 Bxd3 5. Qxd3 e6 6. Nf3 Nd7 7. c3 c5 8. Bg5
Qb6 9. b3 cxd4 10. Qxd4 Bc5 11. Qd2 Rc8 12. Be3 Ne7 13. Bxc5 Qxc5 14. O-O O-O
15. b4 Qc7 16. Re1 Ng6 17. Qd4 Nb6 18. a4 Qc4 19. a5 Qxd4 20. cxd4 Nc4 21. Na3
Nxa3 22. Rxa3 Rc2 23. Rb3 Rfc8 24. g3 Ne7 25. b5 R8c4 26. a6 b6 27. Rd1 h5 28.
Ne1 Ra2 29. Nd3 Rxd4 30. Rc3 Rc4 31. Rxc4 dxc4 32. Nb4 Rb2 33. Nc6 Nd5 34. Ra1
c3 35. Kg2 c2 36. Rc1 Nc3 37. Nxa7 Ne2 38. Rxc2 Rxc2 39. Nc6 Nc3 40. Nb4 Nxb5
41. Nxc2 Na7 42. f4 Kf8 43. Nb4 Ke7 44. Kf3 Kd7 45. Ke4 g6 46. h3 Nc6 47. Nxc6
Kxc6 48. Kd4 b5 49. a7 Kb7 50. Kc5 Kxa7 51. Kxb5 Kb7 52. Kc5 Kc7 53. h4 Kd7 54.
Kb6 Kd8 55. Kc6 Ke7 56. Kc7 Ke8 57. Kd6 Kd8 58. Kc6 Kc8 59. Kd6 1/2-1/2

[Event "Open C Estate Alfieri"]
[Site "Torino ITA"]
[Date "2011.05.03"]
[Round "1"]
[White "Cagno, Alberto"]
[Black "Barbonese, Roberto"]
[Result "1-0"]
[WhiteElo "1437"]
[BlackElo "1365"]
[PlyCount "101"]
[EventDate "2011.05.03"]

1. Nf3 e6 2. g3 Nc6 3. Bg2 Bc5 4. d4 Bb6 5. O-O Nf6 6. c4 a6 7. Nc3 d5 8. b3
O-O 9. Re1 Ne4 10. Nxe4 dxe4 11. Ng5 Bxd4 12. Rb1 f5 13. Qc2 Nb4 14. Qd2 h6 15.
Nh3 e5 16. Qxb4 c5 17. Qd2 Qf6 18. e3 Rd8 19. Qe2 Bc3 20. Rd1 Be6 21. f4 Rxd1+
22. Qxd1 Rd8 23. Qe2 exf4 24. Nxf4 Bf7 25. Qc2 g5 26. Ne2 Be5 27. Bb2 Bxb2 28.
Rxb2 Bh5 29. Rb1 Bf3 30. Nc3 g4 31. Nd5 Qg5 32. Qc3 h5 33. Qe5 h4 34. gxh4 Qxh4
35. Qe6+ Kg7 36. Qe5+ Kg6 37. Qe6+ Kg7 38. Qxf5 Rh8 39. Qe5+ Kg8 40. Ne7+ Kf7
41. Nf5 Qd8 42. Qg7+ Ke6 43. Qg6+ Ke5 44. Nh6 Rxh6 45. Qxh6 Qd2 46. Qg5+ Ke6
47. Bxf3 exf3 48. Qxg4+ Ke7 49. Qxf3 Qxa2 50. Qxb7+ Kf8 51. Rf1+ 1-0

[Event "Open C Estate Alfieri"]
[Site "Torino ITA"]
[Date "2011.05.03"]
[Round "1"]
[White "De Renzi, Giuseppe"]
[Black "Vittoria, Giuseppe"]
[Result "0-1"]
[WhiteElo "1550"]
[BlackElo "1542"]
[PlyCount "112"]
[EventDate "2011.05.03"]

1. Nf3 d5 2. d4 Nf6 3. g3 c6 4. Bg2 Bf5 5. O-O Nbd7 6. Nbd2 e6 7. c4 Be7 8. Qb3
Qc8 9. Ne5 Nxe5 10. dxe5 Nd7 11. Nf3 Be4 12. Qc3 O-O 13. b3 f6 14. Bb2 Bxf3 15.
Bxf3 fxe5 16. Bg4 Rf6 17. f4 d4 18. Qd2 c5 19. fxe5 Nxe5 20. Rxf6 Bxf6 21. Bh3
Qd7 22. Qf4 Qe7 23. Qe4 Qd6 24. Qxb7 Rd8 25. Qe4 Bg5 26. Bc1 Bf6 27. Bb2 a6 28.
Rf1 Re8 29. Bc1 d3 30. exd3 Qxd3 31. Qxd3 Nxd3 32. Be3 e5 33. Rd1 e4 34. Bf1
Rd8 35. Bxc5 Nxc5 36. Rxd8+ Bxd8 37. Kf2 Bg5 38. h4 Bf6 39. Ke3 a5 40. Bg2 g5
41. h5 h6 42. Bxe4 Kf7 43. Bd5+ Ke7 44. Kf3 Kd6 45. g4 Ke5 46. a3 Nxb3 47. Ke3
Nc5 48. Bf3 Be7 49. Bd1 Ne6 50. a4 Bc5+ 51. Kd3 Kf4 52. Be2 Nd4 53. Bd1 Nf3 54.
Be2 Ne5+ 55. Kc3 Nxg4 56. Kd3 Ne5+ 0-1

[Event "Open C Estate Alfieri"]
[Site "Torino ITA"]
[Date "2011.05.10"]
[Round "2"]
[White "Vittoria, Giuseppe"]
[Black "Collaro, Carlo"]
[Result "1-0"]
[WhiteElo "1542"]
[BlackElo "1455"]
[PlyCount "80"]
[EventDate "2011.05.03"]

1. d4 d5 2. Nf3 e6 3. g3 Nf6 4. Bg2 c5 5. c3 cxd4 6. cxd4 Bb4+ 7. Bd2 Bxd2+ 8.
Nbxd2 O-O 9. O-O Nc6 10. Rc1 Bd7 11. Re1 Rc8 12. a3 Qb6 13. Nb3 Na5 14. Nxa5
Qxa5 15. Ne5 Ba4 16. b3 Rxc1 17. Qxc1 Bxb3 18. Nd3 Qd8 19. Nc5 Bc4 20. Nxb7 Qc7
21. Nc5 Rc8 22. e3 Nd7 23. Nxd7 Qxd7 24. Qa1 g6 25. Rc1 Rb8 26. Rb1 Rxb1+ 27.
Qxb1 Qb5 28. Qb4 Qxb4 29. axb4 Kf8 30. Bf1 Bxf1 31. Kxf1 Ke7 32. Ke2 Kd6 33.
Kd3 Kc6 34. Kc3 f6 35. h3 e5 36. f4 e4 37. Kb3 Kb5 38. g4 h6 39. h4 h5 40. f5
gxf5 1-0

[Event "Open C Estate Alfieri"]
[Site "Torino ITA"]
[Date "2011.05.10"]
[Round "2"]
[White "Cagno, Alberto"]
[Black "Speciale, Angelo"]
[Result "0-1"]
[WhiteElo "1437"]
[BlackElo "1443"]
[PlyCount "100"]
[EventDate "2011.05.03"]

1. Nf3 Nc6 2. d4 d5 3. g3 Bf5 4. a3 Nf6 5. Bg2 e6 6. O-O Be7 7. e3 O-O 8. c4
dxc4 9. Qa4 Bd3 10. Rd1 a6 11. Ne5 Nxe5 12. dxe5 Nd5 13. Nc3 b5 14. Qa5 Bc5 15.
Nxd5 exd5 16. Qc3 c6 17. b3 Rb8 18. b4 Bb6 19. Bb2 Qg5 20. h4 Qg6 21. Bf1 Be4
22. Bh3 Rfe8 23. Bd7 Re7 24. e6 c5 25. Qe5 Rd8 26. Qd6 Rxe6 27. Qf4 Rxd7 28.
Qb8+ Bd8 29. Be5 f6 30. Bf4 Rb6 31. Qa8 cxb4 32. axb4 Bd3 33. Bc7 Rbd6 34. Bxd6
Rxd6 35. Rxa6 Rxa6 36. Qxd5+ Qf7 37. Qxd8+ Qf8 38. Qd5+ Kh8 39. Qxb5 Qc8 40.
Rc1 Qa8 41. Kh2 h6 42. e4 Ra1 43. Rxa1 Qxa1 44. Qe8+ Kh7 45. h5 Qe5 46. Qg6+
Kg8 47. f4 Qxe4 48. f5 Qxf5 49. Qe8+ Kh7 50. b5 Qf2+ 0-1

[Event "Open C Estate Alfieri"]
[Site "Torino ITA"]
[Date "2011.05.17"]
[Round "3"]
[White "Speciale, Angelo"]
[Black "Barbonese, Roberto"]
[Result "1-0"]
[WhiteElo "1443"]
[BlackElo "1365"]
[PlyCount "63"]
[EventDate "2011.05.03"]

1. e4 e5 2. Nf3 d6 3. c3 Nf6 4. Qc2 b6 5. d4 exd4 6. cxd4 Be7 7. Nc3 O-O 8. Be2
Bb7 9. O-O Nbd7 10. Be3 Ng4 11. h3 Nxe3 12. fxe3 Bg5 13. Nxg5 Qxg5 14. Rf4 Rae8
15. Raf1 Qe7 16. Bc4 Nf6 17. Bd3 Nh5 18. R4f3 Bc8 19. Nd5 Qd8 20. Nxc7 Re7 21.
Nd5 Re6 22. Nc7 Rg6 23. e5 Rg3 24. exd6 Bxh3 25. Rxg3 Nxg3 26. Rf3 Qg5 27. Kh2
Bd7 28. Rxg3 Qh6+ 29. Kg1 g6 30. Bb5 Bf5 31. Qxf5 Qh4 32. Qg4 1-0

[Event "Open C Estate Alfieri"]
[Site "Torino ITA"]
[Date "2011.05.17"]
[Round "3"]
[White "De Renzi, Giuseppe"]
[Black "Cagno, Alberto"]
[Result "0-1"]
[WhiteElo "1550"]
[BlackElo "1437"]
[PlyCount "68"]
[EventDate "2011.05.03"]

1. Nf3 d5 2. d4 c6 3. g3 Nf6 4. Bg2 Nbd7 5. O-O Qc7 6. Bf4 Qb6 7. b3 g6 8. Nbd2
Bg7 9. c4 O-O 10. Ne5 Qxd4 11. Nxd7 Bxd7 12. Be3 Qb2 13. cxd5 Nxd5 14. Bxd5
cxd5 15. Nf3 Bh3 16. Re1 e6 17. Qd3 Bf5 18. Qb5 b6 19. a4 Rfc8 20. Rac1 Bc2 21.
b4 Bc3 22. Rf1 Rc4 23. Qd7 Bxb4 24. Bh6 Bc3 25. Ng5 Bg7 26. Qxf7+ Kh8 27. Qb7
Rac8 28. Nf7+ Kg8 29. Bxg7 Qxg7 30. Nd6 Qxb7 31. Nxb7 Bxa4 32. Ra1 R8c7 33. Nd6
Rb4 34. Ra3 a5 0-1

[Event "Open C Estate Alfieri"]
[Site "Torino ITA"]
[Date "2011.05.24"]
[Round "4"]
[White "Barbonese, Roberto"]
[Black "Vittoria, Giuseppe"]
[Result "0-1"]
[WhiteElo "1365"]
[BlackElo "1542"]
[PlyCount "104"]
[EventDate "2011.05.03"]

1. e4 d6 2. Nf3 Nf6 3. Nc3 Nbd7 4. d3 g6 5. Bf4 Bg7 6. Be2 e5 7. Bg3 Nh5 8. Bh4
Ndf6 9. Ng5 Nf4 10. Bf3 h6 11. Nxf7 Kxf7 12. g3 Ne6 13. g4 g5 14. Bg3 Nd4 15.
Be2 Nxe2 16. Qxe2 Bxg4 17. f3 Be6 18. b3 Nh5 19. O-O-O c5 20. f4 exf4 21. Qxh5+
Kg8 22. Bf2 Bxc3 23. Qg6+ Bg7 24. Qxe6+ Kh7 25. h4 Qf6 26. Qxf6 Bxf6 27. hxg5
Bxg5 28. Bh4 Bxh4 29. Rxh4 Raf8 30. Rdh1 Rf6 31. Kd2 Rg8 32. Rf1 Rg2+ 33. Kc1
f3 34. Rhh1 f2 35. Kb2 b5 36. c3 b4 37. d4 bxc3+ 38. Kxc3 cxd4+ 39. Kxd4 Rf3
40. Kc4 Rgg3 41. Kd5 Rd3+ 42. Kc4 Rd2 43. a4 Rg4 44. Kc3 Re2 45. Kd3 Rgxe4 46.
Rxf2 R2e3+ 47. Kd2 Re6 48. Rf7+ Kg6 49. Rxa7 Rxb3 50. a5 Ra3 51. Ra6 h5 52. Re1
Ra2+ 0-1

[Event "Open C Estate Alfieri"]
[Site "Torino ITA"]
[Date "2011.05.24"]
[Round "4"]
[White "Speciale, Angelo"]
[Black "De Renzi, Giuseppe"]
[Result "1/2-1/2"]
[WhiteElo "1443"]
[BlackElo "1550"]
[PlyCount "62"]
[EventDate "2011.05.03"]

1. e4 d6 2. c4 Nf6 3. Nc3 g6 4. Nf3 Bg7 5. d3 O-O 6. Be2 c5 7. O-O Nc6 8. Be3
a6 9. Qd2 Rb8 10. Bh6 b5 11. Bxg7 Kxg7 12. b3 b4 13. Nd5 e6 14. Nxf6 Qxf6 15.
Rfd1 Nd4 16. Nxd4 Qxd4 17. Qe3 e5 18. Qxd4 exd4 19. a3 f5 20. f3 Re8 21. Kf2
Kf6 22. a4 a5 23. Rh1 Rb7 24. h4 h5 25. Kg3 Ke5 26. f4+ Kf6 27. Bf3 Rbe7 28.
Rhe1 Bd7 29. Kf2 Bc8 30. Ra2 Bd7 31. Rae2 Bc8 1/2-1/2

[Event "Open C Estate Alfieri"]
[Site "Torino ITA"]
[Date "2011.06.07"]
[Round "5"]
[White "Collaro, Carlo"]
[Black "Speciale, Angelo"]
[Result "1-0"]
[WhiteElo "1455"]
[BlackElo "1443"]
[PlyCount "95"]
[EventDate "2011.05.03"]

1. d4 d5 2. Bf4 Bf5 3. e3 e6 4. Be2 Nf6 5. Nf3 Nbd7 6. Nbd2 Be7 7. O-O Nh5 8.
Be5 f6 9. Ng5 O-O 10. Bxh5 fxg5 11. c4 Nxe5 12. dxe5 c6 13. Bg4 Qc7 14. Bxf5
Rxf5 15. cxd5 exd5 16. e4 Rxe5 17. exd5 Rxd5 18. Qb3 Kh8 19. Rad1 Rad8 20. Nf3
Qd6 21. Rde1 g4 22. Qe3 Rd7 23. Ne5 Rxe5 24. Qxe5 Qb4 25. b3 h6 26. Re4 Qd2 27.
Rxg4 Bf6 28. Qe8+ Kh7 29. Qe4+ Kh8 30. Qe8+ Kh7 31. g3 Re7 32. Qg6+ Kh8 33. Re4
Rxe4 34. Qxe4 Qxa2 35. Qe6 Qa6 36. Qf7 b5 37. Qg6 Qa5 38. Rd1 Qb4 39. Rd7 a5
40. Rc7 Qe1+ 41. Kg2 Qe6 42. Rf7 Kg8 43. Rb7 Qd5+ 44. Kf1 Qd1+ 45. Kg2 Qd5+ 46.
f3 Qd2+ 47. Kh3 Be5 48. Qe6+ 1-0

[Event "Open C Estate Alfieri"]
[Site "Torino ITA"]
[Date "2011.06.14"]
[Round "6"]
[White "Cagno, Alberto"]
[Black "Vittoria, Giuseppe"]
[Result "0-1"]
[WhiteElo "1437"]
[BlackElo "1542"]
[PlyCount "51"]
[EventDate "2011.05.03"]

1. Nf3 d5 2. g3 Nf6 3. Bg2 e6 4. O-O Bd6 5. d4 Nbd7 6. b3 O-O 7. Bb2 b6 8. c4
Bb7 9. Nbd2 c6 10. Rc1 a5 11. Re1 Bb4 12. Bc3 Qe7 13. e4 dxe4 14. Nxe4 Nxe4 15.
Rxe4 Nf6 16. Re2 Rfd8 17. Ne5 Qd6 18. Bxb4 axb4 19. Rd2 Qc7 20. Qc2 c5 21. Bxb7
Qxb7 22. Rcd1 Ne4 23. Re2 Nc3 24. Red2 Rxa2 25. Qd3 Rxd4 26. Qe3 0-1

[Event "Open C Estate Alfieri"]
[Site "Torino ITA"]
[Date "2011.06.14"]
[Round "6"]
[White "De Renzi, Giuseppe"]
[Black "Collaro, Carlo"]
[Result "1/2-1/2"]
[WhiteElo "1550"]
[BlackElo "1455"]
[PlyCount "68"]
[EventDate "2011.05.03"]

1. Nf3 d5 2. d4 Nf6 3. c4 e6 4. Nbd2 c5 5. e3 Nbd7 6. Bd3 cxd4 7. Nxd4 Bc5 8.
N2b3 O-O 9. Nf3 b6 10. O-O Ba6 11. Nxc5 Nxc5 12. Ne5 Qd6 13. f4 Rfd8 14. b4
Nxd3 15. Qxd3 dxc4 16. Qc3 Ne4 17. Qc2 Nf6 18. a3 b5 19. Bb2 Bb7 20. Qc3 Ne4
21. Nxf7 Nxc3 22. Nxd6 Ne2+ 23. Kf2 Rxd6 24. Kxe2 Bxg2 25. Rg1 Rad8 26. Bd4 e5
27. fxe5 Rg6 28. Rac1 a6 29. Kd2 Rf8 30. Kc3 Rf2 31. Rb1 Re6 32. Rb2 Rxb2 33.
Kxb2 Be4 34. Rf1 g6 1/2-1/2

[Event "Open C Estate Alfieri"]
[Site "Torino ITA"]
[Date "2011.06.21"]
[Round "7"]
[White "Collaro, Carlo"]
[Black "Barbonese, Roberto"]
[Result "1-0"]
[WhiteElo "1455"]
[BlackElo "1365"]
[PlyCount "83"]
[EventDate "2011.05.03"]

1. e4 e6 2. d4 d5 3. Nd2 dxe4 4. Nxe4 Bd7 5. c3 Bc6 6. Bd3 Nf6 7. Qe2 Nbd7 8.
Nf3 Nxe4 9. Bxe4 Bxe4 10. Qxe4 c6 11. O-O Nf6 12. Qe2 Bd6 13. Bg5 O-O 14. Ne5
h6 15. Bh4 Rc8 16. Bxf6 Qxf6 17. Nd7 Qh4 18. g3 Qh3 19. Nxf8 Rxf8 20. f4 c5 21.
Qg2 Qf5 22. g4 Qd5 23. Qxd5 exd5 24. dxc5 Bxc5+ 25. Kg2 d4 26. b4 Bb6 27. c4 g5
28. fxg5 hxg5 29. Rad1 Rd8 30. Rf5 Re8 31. c5 Bc7 32. Rxd4 Re2+ 33. Rf2 Rxf2+
34. Kxf2 Bxh2 35. Rd7 Kg7 36. Rxb7 Kg6 37. Rxa7 f5 38. Ra6+ Kf7 39. gxf5 g4 40.
c6 Kf6 41. c7+ Kxf5 42. c8=Q+ 1-0

[Event "Open C Estate Alfieri"]
[Site "Torino ITA"]
[Date "2011.06.21"]
[Round "7"]
[White "Vittoria, Giuseppe"]
[Black "Speciale, Angelo"]
[Result "1-0"]
[WhiteElo "1542"]
[BlackElo "1443"]
[PlyCount "101"]
[EventDate "2011.05.03"]

1. e4 d5 2. exd5 Qxd5 3. Nc3 Qa5 4. d4 Nf6 5. Bd2 c6 6. Be2 Bf5 7. Bf3 e6 8.
Nge2 Be7 9. O-O O-O 10. Ng3 Bg6 11. Nd5 Qd8 12. Nxe7+ Qxe7 13. Qe1 Bxc2 14. Bb4
Qd7 15. Bxf8 Kxf8 16. Qc3 Bg6 17. Rfe1 Nd5 18. Bxd5 cxd5 19. Rac1 Nc6 20. b4 a6
21. a4 Rc8 22. b5 Ne7 23. Qb4 Ke8 24. Rxc8+ Nxc8 25. Rc1 Bd3 26. Qc3 Bc4 27.
bxa6 bxa6 28. Qb4 g6 29. Nf1 Qd6 30. Qc5 Kd7 31. a5 Qxc5 32. dxc5 Kc6 33. Ne3
Bb5 34. Ng4 Ne7 35. Ne5+ Kc7 36. Nxf7 Nf5 37. Ng5 Nd4 38. Rd1 e5 39. Nxh7 Kc6
40. f3 Kxc5 41. h4 Nb3 42. Nf8 Be8 43. Rb1 Nxa5 44. Rb8 Bf7 45. Rd8 Nc4 46. Rd7
Be8 47. Re7 Bb5 48. Nxg6 Kd6 49. Ra7 a5 50. h5 Be8 51. Ra6+ 1-0

[Event "XX Coppa Europa a squadre ICSC"]
[Site "Liverpool ENG"]
[Date "2011.06.09"]
[Round "1"]
[White "Deancovich, Patrizio"]
[Black "Zabolotny, Vladimir"]
[Result "0-1"]
[WhiteElo "1611"]
[BlackElo "2195"]
[PlyCount "70"]
[EventDate "2011.06.09"]

1. e4 c5 2. Nf3 g6 3. Bc4 Bg7 4. Nc3 Nc6 5. a3 d6 6. h3 Nf6 7. d3 O-O 8. Bd2 a6
9. Qc1 b5 10. Ba2 Re8 11. Bh6 Bh8 12. O-O Rb8 13. Rb1 Bd7 14. Re1 Qc7 15. Nd5
Nxd5 16. Bxd5 b4 17. Bxf7+ Kxf7 18. Qf4+ Kg8 19. h4 Ne5 20. h5 Rf8 21. Bxf8
Rxf8 22. Qg3 Nxf3+ 23. gxf3 Be5 24. Qg5 Rf6 25. Kf1 Be6 26. Ke2 Bf4 27. Qg2 g5
28. Rec1 h6 29. c4 bxa3 30. Rc2 Qb6 31. Qf1 a2 32. Ra1 Qb3 33. Qd1 Bd7 34. Rxa2
Qxa2 35. b3 Qxb3 0-1

[Event "XX Coppa Europa a squadre ICSC"]
[Site "Liverpool ENG"]
[Date "2011.06.09"]
[Round "1"]
[White "Felluga, Bruno"]
[Black "Babiy, Petr"]
[Result "0-1"]
[WhiteElo "1470"]
[BlackElo "2112"]
[PlyCount "60"]
[EventDate "2011.06.09"]

1. e4 c5 2. Nf3 Nf6 3. Nc3 Nc6 4. d4 d5 5. exd5 Nxd5 6. Nxd5 Qxd5 7. Be3 cxd4
8. Nxd4 a6 9. Nxc6 Qxc6 10. Qd3 e5 11. O-O-O Be6 12. Kb1 Be7 13. Rg1 O-O 14. g3
Rfd8 15. Qe2 Bd5 16. Rc1 Qe6 17. b3 a5 18. Qe1 a4 19. Bc4 Bxc4 20. bxc4 Qxc4
21. c3 Rd3 22. Rc2 Rc8 23. Bd2 e4 24. h4 b5 25. Qc1 Bf6 26. Re1 h6 27. Re3 Rxe3
28. Bxe3 Bxc3 29. a3 Kh7 30. Bd2 Qb3+ 0-1

[Event "XX Coppa Europa a squadre ICSC"]
[Site "Liverpool ENG"]
[Date "2011.06.09"]
[Round "1"]
[White "Ovcharov, Taras"]
[Black "Grudina, Marco"]
[Result "1/2-1/2"]
[WhiteElo "1973"]
[BlackElo "1891"]
[PlyCount "32"]
[EventDate "2011.06.09"]

1. e4 e5 2. Nf3 Nc6 3. d4 exd4 4. Bc4 Bc5 5. c3 Nf6 6. e5 d5 7. Bb5 Ne4 8. Nxd4
O-O 9. Bxc6 bxc6 10. O-O Ba6 11. Re1 Qh4 12. Be3 Rae8 13. Nf5 Qxf2+ 14. Bxf2
Nxf2 15. Qf3 Nh3+ 16. Kh1 Nf2+ 1/2-1/2

[Event "XX Coppa Europa a squadre ICSC"]
[Site "Liverpool ENG"]
[Date "2011.06.09"]
[Round "2"]
[White "Patackas, Jonas"]
[Black "Deancovich, Patrizio"]
[Result "1/2-1/2"]
[WhiteElo "2006"]
[BlackElo "1611"]
[PlyCount "77"]
[EventDate "2011.06.09"]

1. e4 e5 2. Nf3 Nc6 3. Bb5 Nf6 4. d3 d6 5. Bg5 h6 6. Bh4 Be7 7. Nc3 Bd7 8. Bxf6
Bxf6 9. Nd5 O-O 10. O-O Be6 11. c4 Nd4 12. Nxd4 exd4 13. Nxf6+ Qxf6 14. f4 Qe7
15. f5 Bc8 16. f6 Qe5 17. fxg7 Qxg7 18. Qd2 Kh7 19. Rf3 Qe5 20. Raf1 Be6 21.
Rf6 Qg5 22. Qf2 c5 23. Qf4 Rad8 24. Ba4 Rg8 25. g3 Rg6 26. Qxg5 hxg5 27. Bd1
Rxf6 28. Rxf6 Kg7 29. Rf2 Rf8 30. g4 Rb8 31. a4 Rh8 32. Kg2 Rh6 33. h3 Rh8 34.
b3 a5 35. Kg3 Kg6 36. Rh2 Rh4 37. Bf3 b6 38. Re2 f6 39. Bg2 1/2-1/2

[Event "XX Coppa Europa a squadre ICSC"]
[Site "Liverpool ENG"]
[Date "2011.06.09"]
[Round "2"]
[White "Marcinkeviciene, Egle"]
[Black "Felluga, Bruno"]
[Result "1/2-1/2"]
[WhiteElo "1735"]
[BlackElo "1470"]
[PlyCount "75"]
[EventDate "2011.06.09"]

1. d4 d5 2. c4 e6 3. Nc3 Bb4 4. Qc2 Nc6 5. Nf3 Bd7 6. Bg5 Nxd4 7. Nxd4 Qxg5 8.
a3 Bxc3+ 9. Qxc3 Nf6 10. Nf3 Qh6 11. e3 O-O 12. Ne5 g6 13. Nxd7 Nxd7 14. cxd5
exd5 15. Qxc7 Nf6 16. Be2 Rfc8 17. Qe5 Qg7 18. O-O Rc2 19. Bf3 Rac8 20. b4 b6
21. h3 Ne4 22. Qxg7+ Kxg7 23. Bxe4 dxe4 24. f3 Rd2 25. Rac1 Rxc1 26. Rxc1 exf3
27. gxf3 Ra2 28. Rc3 h5 29. h4 a5 30. f4 axb4 31. axb4 Rb2 32. Rc4 b5 33. Rd4
f5 34. Rd7+ Kf6 35. Rd6+ Kf7 36. Rd7+ Kf6 37. Rd6+ Kf7 38. Rd7+ 1/2-1/2